| 000 | 00700cam a22002051 4500 | ||
|---|---|---|---|
| 001 | sa 66000646 | ||
| 003 | DLC | ||
| 005 | 20260227112216.0 | ||
| 008 | 750610s1965 xx 000 0 eng | ||
| 010 | _asa 66000646 | ||
| 035 | _a(OCoLC)1382121 | ||
| 040 |
_aDLC _cNSyU _dOCoLC _dDLC |
||
| 042 | _apremarc | ||
| 050 | 0 | 0 |
_aT303 _b.B332 |
| 110 | 2 | _aCouncil of Scientific & Industrial Research (India) | |
| 245 | 1 | 0 |
_aPatented inventions of the CSIR; _ba compilation of brief particulars concerning the patent specifications of the Council of Scientific & Industrial Research for the period 1940-1964. |
| 260 |
_aNew Delhi _c[1965] |
||
| 300 |
_a228 p. _billus. _c25 cm. |
||
| 650 | 0 |
_aPatents _zIndia. |
|
| 999 |
_c67363 _d67363 |
||